000 01036naa a2200361Ia 4500
001 11368
008 191123s9999 xx 000 0 und d
041 _aspa
044 _aag
100 _aAliata, Fernando,
245 0 _aLa cantera de la historia : Mario Palanti y la construcción de una poética ecléctica en Argentina
260 _aBuenos Aires :
_bIAA,
_c1997.
300 _app. 125-153
_bilustrado
500 _aDonación profesor Hector Schenone.
504 _alistado con las obras y proyectos realizados por el arquitecto.
650 _aARQUITECTURA
650 _aEDIFICIOS
650 _aEXPOSICION DEL CENTENARIO DE LA REVOLUCION DE MAYO
650 _aHOTEL CASTELAR. BUENOS AIRES. ARGENTINA
650 _aPALANTI, MARIO
650 _aVIVIENDAS
902 _aM
903 _aa
904 _aam
905 _an.8
907 _aimpreso
911 _ailustrado
912 _a1997
942 _cANALITICA
999 _c9043
_d9043
490 0 _aCuadernos de historia. Arquitectura.
550 _ailustrado